101 activities for teaching creativity and problem solving

Na minha lista:
Detalhes bibliográficos
Autor principal: VanGundy, Arthur B (Author)
Formato: Livro
Idioma:inglês
Publicado em: San Francisco Pfeiffer 2005
Assuntos:
Tags: Adicionar Tag
Sem tags, seja o primeiro a adicionar uma tag!

MARC

LEADER 00000nam a2200000 a 4500
001 UCI9921
003 CL-VaPUC
008 081218e20050000US |||||||||||||||||eng|d
020 |a 0787974021 
082 0 4 |a 658.31244  |b VAN  |2 21 
100 0 |a VanGundy, Arthur B  |e author  |9 533980 
245 1 0 |a 101 activities for teaching creativity and problem solving 
300 |a 391 p 
942 |c BK 
945 |d 20081218 00:00:00  |a rbrito 
260 |a San Francisco  |b Pfeiffer  |c 2005 
650 0 |a Creatividad   |9 310816 
650 7 |a CAPACITACION LABORAL  |2 CL-VaPUC  |9 411356 
650 7 |a CAPACITACION  |2 CL-VaPUC  |9 333907 
650 7 |a PERFECCIONAMIENTO OCUPACIONAL  |2 CL-VaPUC  |9 533981 
650 7 |a MOTIVACION DEL EMPLEADO  |2 CL-VaPUC  |9 308484 
650 0 |a Recursos humanos   |9 228420 
650 0 |a Dinámica de grupos   |9 259862 
650 0 |a Autoestima  |9 308492 
650 0 |a Resolución de problemas  |9 407199 
583 |a last modification  |c 20081218 00:00:00  |k Rodrigo Vera 
999 |c 332367  |d 332365 
952 |0 0  |1 0  |4 0  |6 658_312440000000000_VAN_2005  |7 0  |8 A  |9 420001  |a BIBING  |b BIBING  |d 2019-11-22  |i 4507711  |o 658.31244 VAN 2005  |p 4507711  |r 2025-01-20  |w 2019-11-22  |y BK  |k EII